[Event "DEM U12/U12w 2015"]
[Site "Willingen GER"]
[Date "2015.05.30"]
[Round "11"]
[White "Pahl, Erik"]
[Black "Stelljes, Fabian"]
[Result "1/2-1/2"]
[Termination "normal"]
[Board "31"]
[WhiteElo "1464"]
[BlackElo "1342"]
[PlyCount "54"]
[WhiteFideId "16201272"]
[BlackFideId "16201370"]
[EventCountry "GER"]
[EventRounds "11"]
[EventType "swiss"]
[EventDate "2015.05.23"]

1. e4 e5 2. Nf3 Nc6 3. Nc3 Nf6 4. d4 exd4 5. Nxd4 Bb4 6. Nxc6 bxc6 7. Bd3 Bxc3+
8. bxc3 d5 9. O-O dxe4 10. Qe2 Qe7 11. Re1 O-O 12. Bxe4 Nxe4 13. Qxe4 Qxe4 14.
Rxe4 Bf5 15. Re2 Rfe8 16. Rxe8+ Rxe8 17. Be3 Bxc2 18. Bxa7 Ra8 19. Bd4 Bb3 20.
Re1 Bxa2 21. h3 h6 22. Kf1 g5 23. Ke2 Re8+ 24. Kd2 Rxe1 25. Kxe1 Bd5 26. f3 Kh7
27. Be3 c5 1/2-1/2

[Event "DEM U12/U12w 2015"]
[Site "Willingen GER"]
[Date "2015.05.30"]
[Round "11"]
[White "Marzisch, Darius"]
[Black "Wastian, Mareike"]
[Result "1-0"]
[Termination "normal"]
[Board "32"]
[WhiteElo "1499"]
[BlackElo "1573"]
[PlyCount "57"]
[WhiteFideId "12997480"]
[BlackFideId "12947423"]
[EventCountry "GER"]
[EventRounds "11"]
[EventType "swiss"]
[EventDate "2015.05.23"]

1. e4 d5 2. exd5 Nf6 3. d4 Bg4 4. Be2 Bxe2 5. Nxe2 Qxd5 6. O-O Nc6 7. Nbc3 Qh5
8. Ng3 Qg6 9. Be3 O-O-O 10. Qd2 e5 11. Nce2 Bc5 12. c3 exd4 13. Nxd4 Nxd4 14.
Bxd4 Bxd4 15. cxd4 Rhe8 16. Rfe1 Qg4 17. Rxe8 Rxe8 18. h3 Qd7 19. Qd3 Rd8 20.
Rd1 h6 21. Qf5 g6 22. Qxf6 Qd5 23. Ra1 Qc4 24. Qf3 Rxd4 25. Qb3 Qc5 26. Qxf7 b6
27. Qxg6 Rd6 28. Qf5+ Qxf5 29. Nxf5 1-0

[Event "DEM U12/U12w 2015"]
[Site "Willingen GER"]
[Date "2015.05.30"]
[Round "11"]
[White "Hassemeier, Mika"]
[Black "Ruppert, Paula"]
[Result "1-0"]
[Termination "normal"]
[Board "33"]
[WhiteElo "1658"]
[BlackElo "1443"]
[PlyCount "159"]
[WhiteFideId "12994880"]
[BlackFideId "12979996"]
[EventCountry "GER"]
[EventRounds "11"]
[EventType "swiss"]
[EventDate "2015.05.23"]

1. d4 f5 2. g4 fxg4 3. h3 Nf6 4. hxg4 Nxg4 5. e4 d5 6. e5 Bf5 7. Be2 Qd7 8. Nc3
c6 9. Na4 b6 10. f3 Nh6 11. Bxh6 gxh6 12. Nc3 e6 13. Qd2 a6 14. Bd3 Bg6 15.
O-O-O c5 16. Nge2 Nc6 17. Rde1 Bf7 18. dxc5 bxc5 19. Ng3 c4 20. Bf1 Rb8 21. Nh5
Bxh5 22. Rxh5 Qb7 23. Nd1 Ba3 24. c3 Bf8 25. Bh3 Qf7 26. Bg4 Bg7 27. Qg2 Qg6
28. Rh2 Qg5+ 29. Kb1 Nd8 30. Bh5+ Kd7 31. Bg4 Bxe5 32. Rh5 Qg6+ 33. Ka1 Bd6 34.
Rxd5 Re8 35. Qd2 Nf7 36. Bh5 exd5 37. Bxg6 hxg6 38. Rxe8 Rxe8 39. Kb1 Kc6 40.
Ne3 Re5 41. a3 h5 42. f4 Re7 43. Qxd5+ Kd7 44. Nxc4 h4 45. Nxd6 Nxd6 46. Qg5 h3
47. Qg4+ Nf5 48. Qxh3 Re1+ 49. Ka2 Ke6 50. Qh8 Kf7 51. Qa8 Rf1 52. Qxa6 Rxf4
53. Qb7+ Kf6 54. Qc6+ Kg5 55. a4 Kh5 56. a5 Nh6 57. a6 Rf7 58. Qd5+ Rf5 59.
Qxf5+ gxf5 60. a7 f4 61. a8=Q Kg4 62. Qg2+ Kf5 63. b4 Ng4 64. b5 Ne3 65. Qf3
Nc4 66. Qd5+ Ne5 67. b6 f3 68. Qxf3+ Nxf3 69. b7 Kg4 70. b8=Q Kf5 71. Qf8+ Ke4
72. c4 Ne5 73. c5 Kd5 74. Qd6+ Ke4 75. c6 Nc4 76. Qe6+ Kd4 77. Qxc4+ Kxc4 78.
c7 Kd3 79. c8=Q Kd4 80. Qc6 1-0

[Event "DEM U12/U12w 2015"]
[Site "Willingen GER"]
[Date "2015.05.30"]
[Round "11"]
[White "Brunkardt, Elena"]
[Black "Zell, Hannah"]
[Result "0-1"]
[Termination "normal"]
[Board "34"]
[WhiteElo "1474"]
[BlackElo "1224"]
[PlyCount "96"]
[WhiteFideId "16208838"]
[BlackFideId "16208900"]
[EventCountry "GER"]
[EventRounds "11"]
[EventType "swiss"]
[EventDate "2015.05.23"]

1. Nf3 Nc6 2. b3 d5 3. Bb2 Bf5 4. e3 a6 5. a3 e6 6. Be2 Qd7 7. O-O O-O-O 8. c4
Nf6 9. cxd5 Qxd5 10. Nc3 Qd7 11. d4 h6 12. Rc1 Be7 13. Ne5 Nxe5 14. dxe5 Qxd1
15. Rfxd1 Nd7 16. e4 Bh7 17. f4 Nc5 18. Bh5 g6 19. Rxd8+ Rxd8 20. Bd1 Rd2 21.
Rb1 Nd3 22. Bc1 Bc5+ 23. Kh1 Nf2+ 24. Kg1 Nxd1+ 25. Kh1 Nxc3 26. Bxd2 Nxb1 27.
Be1 Nxa3 28. b4 Be3 29. f5 gxf5 30. exf5 Bxf5 31. b5 Nxb5 32. h4 Bf4 33. h5
Bxe5 34. g4 Bxg4 35. Bh4 Bxh5 36. Be7 Bf3+ 37. Kg1 h5 38. Bh4 c5 39. Be1 c4 40.
Kf2 Bc6 41. Kg1 c3 42. Bh4 c2 43. Bg5 h4 44. Bc1 h3 45. Kf1 h2 46. Ke2 h1=Q 47.
Bd2 Qg2+ 48. Ke1 Bg3# 0-1

[Event "DEM U12/U12w 2015"]
[Site "Willingen GER"]
[Date "2015.05.30"]
[Round "11"]
[White "Delgado, Celina"]
[Black "Berelowitsch, Dana"]
[Result "1/2-1/2"]
[Termination "normal"]
[Board "35"]
[WhiteElo "1153"]
[BlackElo "1408"]
[PlyCount "55"]
[WhiteFideId "12993735"]
[BlackFideId "12977144"]
[EventCountry "GER"]
[EventRounds "11"]
[EventType "swiss"]
[EventDate "2015.05.23"]

1. d4 d5 2. c4 e6 3. Nf3 c5 4. e3 Nc6 5. Bd3 Nf6 6. Nc3 Bd6 7. O-O O-O 8. Qc2
Bd7 9. a3 a6 10. dxc5 Bxc5 11. b4 Be7 12. Rd1 dxc4 13. Bxc4 b5 14. Bd3 Qc7 15.
Bb2 Rfd8 16. Ne4 Nxe4 17. Bxe4 h6 18. Ne5 Rac8 19. Nxc6 Bxc6 20. Rxd8+ Bxd8 21.
Bxc6 Qxc6 22. Qxc6 Rxc6 23. Rc1 Rd6 24. h3 Kh7 25. Rc2 Be7 26. Kh2 Rd3 27. Bc3
Rd7 28. Bb2 1/2-1/2

[Event "DEM U12/U12w 2015"]
[Site "Willingen GER"]
[Date "2015.05.30"]
[Round "11"]
[White "Schnabel, Luise"]
[Black "Fischer, Laura"]
[Result "1/2-1/2"]
[Termination "normal"]
[Board "36"]
[WhiteElo "1458"]
[BlackElo "1207"]
[PlyCount "50"]
[WhiteFideId "12943347"]
[BlackFideId "16208935"]
[EventCountry "GER"]
[EventRounds "11"]
[EventType "swiss"]
[EventDate "2015.05.23"]

1. e4 e5 2. Nf3 Nc6 3. Bb5 a6 4. Bxc6 dxc6 5. O-O Bg4 6. h3 Bh5 7. d3 Nf6 8. b3
Bd6 9. Bb2 O-O 10. Nbd2 Re8 11. Nc4 Re7 12. Ne3 Bg6 13. Nh4 Re6 14. Nhf5 Qe8
15. Kh1 Nh5 16. g3 Bc5 17. Kh2 Rd8 18. Qe2 Bd4 19. c3 Bxe3 20. fxe3 Bxf5 21.
Rxf5 g6 22. Rf3 Red6 23. d4 Nf6 24. Raf1 Nxe4 25. Rxf7 exd4 1/2-1/2

[Event "DEM U12/U12w 2015"]
[Site "Willingen GER"]
[Date "2015.05.30"]
[Round "11"]
[White "Ewerhardy, Moritz"]
[Black "Glinzner, Alva"]
[Result "1-0"]
[Termination "normal"]
[Board "37"]
[WhiteElo "1337"]
[BlackElo "1257"]
[PlyCount "39"]
[WhiteFideId "36052086"]
[BlackFideId "16206169"]
[EventCountry "GER"]
[EventRounds "11"]
[EventType "swiss"]
[EventDate "2015.05.23"]

1. e4 c5 2. Nf3 a6 3. d4 cxd4 4. Nxd4 e5 5. Nf3 Nf6 6. Bd3 d5 7. Nbd2 Bg4 8.
exd5 Qxd5 9. O-O Bd6 10. a4 O-O 11. Re1 Nbd7 12. Ne4 Rfe8 13. Nxd6 Qxd6 14.
Bxh7+ Kxh7 15. Qxd6 Rad8 16. Bg5 Nf8 17. Qb4 Bxf3 18. gxf3 Rd4 19. Qxb7 Ne6 20.
Bxf6 1-0

[Event "DEM U12/U12w 2015"]
[Site "Willingen GER"]
[Date "2015.05.30"]
[Round "11"]
[White "Bardorz, Jana"]
[Black "Truong, Lisa"]
[Result "1/2-1/2"]
[Termination "normal"]
[Board "38"]
[WhiteElo "1263"]
[BlackElo "1264"]
[PlyCount "97"]
[WhiteFideId "16208897"]
[BlackFideId "12983462"]
[EventCountry "GER"]
[EventRounds "11"]
[EventType "swiss"]
[EventDate "2015.05.23"]

1. e4 d5 2. exd5 Qxd5 3. Nc3 Qd6 4. d4 Nf6 5. Nf3 c6 6. Ne5 Nbd7 7. Nc4 Qc7 8.
g3 Nd5 9. Nxd5 cxd5 10. Bf4 Qd8 11. Ne3 Nf6 12. Bg2 e6 13. O-O Bd6 14. Bxd6
Qxd6 15. Re1 O-O 16. c3 Bd7 17. Rc1 Bb5 18. Qb3 Qd7 19. Qd1 Rac8 20. Ng4 Nxg4
21. Qxg4 Bd3 22. Bf1 Qb5 23. Bxd3 Qxd3 24. Re3 Qd2 25. Rb1 Qc2 26. Qd1 Qxd1+
27. Rxd1 Rc6 28. f4 Rfc8 29. Rde1 h6 30. f5 exf5 31. Re8+ Rxe8 32. Rxe8+ Kh7
33. Re5 Kg6 34. Rxd5 Rb6 35. b3 Rc6 36. c4 Kf6 37. Kf2 Ra6 38. a4 Rb6 39. Rb5
Rxb5 40. axb5 g5 41. Kf3 Ke6 42. h4 f6 43. hxg5 fxg5 44. g4 f4 45. Ke4 Kd6 46.
c5+ Kd7 47. d5 Kc7 48. d6+ Kd7 49. b4 1/2-1/2

[Event "DEM U12/U12w 2015"]
[Site "Willingen GER"]
[Date "2015.05.30"]
[Round "11"]
[White "Ziegenfuß, Larissa"]
[Black "Höfs, Cederik"]
[Result "0-1"]
[Termination "normal"]
[Board "39"]
[WhiteElo "1574"]
[BlackElo "1377"]
[PlyCount "54"]
[WhiteFideId "12974722"]
[BlackFideId "16207653"]
[EventCountry "GER"]
[EventRounds "11"]
[EventType "swiss"]
[EventDate "2015.05.23"]

1. d4 c6 2. g3 d5 3. Bg2 Nf6 4. e3 Bf5 5. Ne2 e6 6. O-O Bd6 7. b3 O-O 8. Ba3
Bxa3 9. Nxa3 Qe7 10. Qc1 Nbd7 11. c4 Bd3 12. Re1 Rac8 13. c5 e5 14. Qd2 Bxe2
15. Rxe2 b6 16. b4 Rfe8 17. Rae1 e4 18. Nc2 h6 19. h3 Nh7 20. Rf1 Qe6 21. Kh2
Ng5 22. h4 Nf3+ 23. Bxf3 exf3 24. Ree1 Nf6 25. Rh1 Ne4 26. Qc1 Nxf2 27. Rhf1
Qh3+ 0-1

[Event "DEM U12/U12w 2015"]
[Site "Willingen GER"]
[Date "2015.05.30"]
[Round "11"]
[White "Kurzweil, Naemi"]
[Black "Basovskiy, Jana"]
[Result "1-0"]
[Termination "normal"]
[Board "40"]
[WhiteElo "1232"]
[BlackElo "1367"]
[PlyCount "103"]
[WhiteFideId "12985708"]
[BlackFideId "16208617"]
[EventCountry "GER"]
[EventRounds "11"]
[EventType "swiss"]
[EventDate "2015.05.23"]

1. e4 c5 2. Nf3 e6 3. d4 cxd4 4. Nxd4 Nc6 5. Nc3 Nf6 6. Ndb5 Bb4 7. Nd6+ Ke7 8.
Ndb5 a6 9. Na3 Nxe4 10. Nab1 d5 11. a3 Nxc3 12. Nxc3 Bxc3+ 13. bxc3 Kf8 14. Be2
Kg8 15. O-O h6 16. Bh5 Qc7 17. Re1 Nb8 18. Qf3 b5 19. Bf4 Qe7 20. Bd6 Qd7 21.
Qf4 Nc6 22. Re3 Nd8 23. Rf3 Bb7 24. Bc7 f6 25. Qg3 f5 26. Be5 Nc6 27. Qf4 Rd8
28. Rg3 Nxe5 29. Qxe5 Rc8 30. Re1 Rc6 31. Rg6 Bc8 32. Re3 Qc7 33. Rxg7+ Qxg7
34. Rg3 Rh7 35. Qf6 Qxg3 36. hxg3 Rc4 37. Bg6 Rhc7 38. Bh5 Rxc3 39. Bd1 Kh7 40.
Bh5 Rxc2 41. Qg6+ Kh8 42. Qxh6+ Kg8 43. Kh2 Bb7 44. Qxe6+ Kh8 45. Qxf5 Rc8 46.
Bg4 R2c7 47. Qf6+ Kg8 48. Bxc8 Rh7+ 49. Bh3 Rf7 50. Be6 Bc8 51. Qxf7+ Kh8 52.
Qg8# 1-0

[Event "DEM U12/U12w 2015"]
[Site "Willingen GER"]
[Date "2015.05.30"]
[Round "11"]
[White "Ortlepp, Klaudia"]
[Black "Goltser, Ilja"]
[Result "1-0"]
[Termination "normal"]
[Board "41"]
[WhiteElo "1243"]
[BlackElo "1164"]
[PlyCount "73"]
[WhiteFideId "16206045"]
[BlackFideId "14174782"]
[EventCountry "GER"]
[EventRounds "11"]
[EventType "swiss"]
[EventDate "2015.05.23"]

1. e4 e6 2. d4 d5 3. exd5 exd5 4. Bd3 Bd6 5. Ne2 Ne7 6. O-O Nbc6 7. c3 Bf5 8.
Bf4 Bxd3 9. Qxd3 Bxf4 10. Nxf4 Qd6 11. Qf3 O-O-O 12. b4 Rdg8 13. a4 h5 14. Nd3
f6 15. Nc5 b6 16. Qh3+ Kb8 17. Na6+ Kb7 18. b5 Na5 19. Nd2 g5 20. Rac1 g4 21.
Qg3 Qxg3 22. fxg3 Rh6 23. c4 dxc4 24. Nxc4 Nb3 25. Na5+ Nxa5 26. Rxc7+ Ka8 27.
Rxe7 Rd8 28. Rfe1 Rhh8 29. Rd1 Rd6 30. d5 Rhd8 31. Rh7 Nc4 32. Rc1 Ne5 33. Rxh5
Nd3 34. Rc7 Re8 35. Re7 Rc8 36. h3 gxh3 37. Rhh7 1-0

[Event "DEM U12/U12w 2015"]
[Site "Willingen GER"]
[Date "2015.05.30"]
[Round "11"]
[White "Knape, Albert"]
[Black "Sinnhöfer, Lilian"]
[Result "0-1"]
[Termination "normal"]
[Board "42"]
[WhiteElo "1222"]
[BlackElo "1106"]
[PlyCount "162"]
[WhiteFideId "16208919"]
[BlackFideId "12977586"]
[EventCountry "GER"]
[EventRounds "11"]
[EventType "swiss"]
[EventDate "2015.05.23"]

1. e4 e5 2. Nf3 Nc6 3. Bc4 Be7 4. d3 d6 5. h3 Nf6 6. Nc3 Na5 7. Bb3 Nxb3 8.
axb3 Bd7 9. Be3 a6 10. O-O h6 11. Re1 O-O 12. Qd2 Nh7 13. Nd5 Bg5 14. Nxg5 Nxg5
15. Bxg5 hxg5 16. c4 c6 17. Ne3 g6 18. f3 f5 19. Qe2 f4 20. Ng4 Qb6+ 21. Kh2
Qxb3 22. Red1 Bxg4 23. hxg4 Qb6 24. g3 Kg7 25. Kg2 Rh8 26. Rh1 Qc7 27. gxf4
gxf4 28. Qf2 c5 29. Rh4 g5 30. Rh3 Rxh3 31. Kxh3 Kf6 32. Kg2 Rh8 33. Rh1 Rxh1
34. Kxh1 Qh7+ 35. Kg1 Qh3 36. Qg2 Qxg2+ 37. Kxg2 Ke7 38. Kf2 Kd7 39. Ke2 Kc6
40. Kd2 Kb6 41. Kc3 Ka5 42. Kb3 b5 43. Ka3 bxc4 44. dxc4 Kb6 45. Ka4 Kb7 46.
Ka5 Ka7 47. Ka4 Kb6 48. b3 Kb7 49. Ka5 Ka7 50. Ka4 Kb6 51. Ka3 Ka5 52. Kb2 Kb4
53. Kc2 a5 54. Kb2 a4 55. bxa4 Kxa4 56. Ka2 Kb4 57. Kb2 Kxc4 58. Ka3 Kd3 59.
Ka4 c4 60. Kb5 c3 61. Kc6 c2 62. Kxd6 Ke3 63. Kxe5 c1=Q 64. Kf5 Qc5+ 65. Kg6
Kxf3 66. Kh5 Kxe4 67. Kg6 Qg1 68. Kxg5 f3 69. Kf6 Qxg4 70. Kf7 Qg6+ 71. Kxg6 f2
72. Kf6 f1=Q+ 73. Ke6 Qb5 74. Kf6 Qd5 75. Ke7 Qc6 76. Kf7 Qd6 77. Kg7 Qe6 78.
Kh8 Qe7 79. Kg8 Kf5 80. Kh8 Kg6 81. Kg8 Qg7# 0-1

[Event "DEM U12/U12w 2015"]
[Site "Willingen GER"]
[Date "2015.05.30"]
[Round "11"]
[White "Rothenberg, Nina"]
[Black "Eulitz, Charlotte"]
[Result "1-0"]
[Termination "normal"]
[Board "43"]
[WhiteElo "1174"]
[BlackElo "1476"]
[PlyCount "183"]
[WhiteFideId "16208943"]
[BlackFideId "12964654"]
[EventCountry "GER"]
[EventRounds "11"]
[EventType "swiss"]
[EventDate "2015.05.23"]

1. e4 e5 2. d4 exd4 3. Qxd4 Nc6 4. Qe3 d6 5. Nc3 Be7 6. Bd2 Be6 7. O-O-O Qd7 8.
Bb5 a6 9. Ba4 Nf6 10. Qg3 Rg8 11. Bf4 Nh5 12. Qe3 Nxf4 13. Qxf4 O-O-O 14. Nd5
Rge8 15. Nf3 h6 16. h4 b5 17. Bb3 Bxd5 18. Bxd5 Bf6 19. Qf5 Qxf5 20. exf5 Ne5
21. Nxe5 Rxe5 22. Bxf7 Re2 23. Rhf1 Bxh4 24. g3 Bg5+ 25. Kb1 Bd2 26. Bh5 Re5
27. Rxd2 Kb8 28. Bg6 Rd7 29. b3 Rde7 30. Kb2 Ka7 31. Rh1 Kb6 32. Rh4 Rd7 33.
Rf4 Rd8 34. f6 Rf8 35. fxg7 Rg8 36. Rf7 Rg5 37. Bh7 R8xg7 38. Rxg7 Rxg7 39. Bd3
Rf7 40. Re2 Rf6 41. f4 Kc5 42. Kc3 a5 43. Re7 c6 44. Rg7 b4+ 45. Kd2 Kd4 46.
Ra7 Re6 47. Rxa5 Re3 48. Rh5 Rxg3 49. Rxh6 Rg2+ 50. Ke1 Kc5 51. f5 Rg8 52. Ke2
Rf8 53. Kf3 Kd5 54. Kf4 c5 55. Kg5 Ke5 56. Kg6 Ra8 57. Kg7 Ra7+ 58. Kf8 Ra8+
59. Ke7 Ra7+ 60. Kd8 Ra8+ 61. Kc7 Ra7+ 62. Kc6 Rxa2 63. f6 Ra8 64. f7 Rf8 65.
Rg6 d5 66. Rg8 Rxf7 67. Kxc5 Rc7+ 68. Kxb4 Rb7+ 69. Bb5 Kd4 70. c4 Ke5 71. Rd8
d4 72. c5 Ke4 73. Kc4 d3 74. Rxd3 Rb8 75. Rd7 Ke5 76. c6 Ke6 77. Kc5 Rc8 78.
Bf1 Rh8 79. b4 Rh5+ 80. Kb6 Rh8 81. c7 Kxd7 82. Kb7 Kd6 83. c8=Q Rxc8 84. Kxc8
Kc6 85. b5+ Kb6 86. Kb8 Kc5 87. Kc7 Kb4 88. b6 Ka5 89. b7 Kb4 90. b8=Q+ Ka4 91.
Kc6 Ka5 92. Qb5# 1-0

[Event "DEM U12/U12w 2015"]
[Site "Willingen GER"]
[Date "2015.05.30"]
[Round "11"]
[White "Peters, Malte"]
[Black "Biermann, Sophie"]
[Result "1-0"]
[Termination "normal"]
[Board "44"]
[WhiteElo "1007"]
[BlackElo "1136"]
[PlyCount "87"]
[WhiteFideId "16208978"]
[BlackFideId "16208960"]
[EventCountry "GER"]
[EventRounds "11"]
[EventType "swiss"]
[EventDate "2015.05.23"]

1. e4 e5 2. d4 exd4 3. Qxd4 Nc6 4. Qe3 Be7 5. Bd2 Nf6 6. Nc3 d5 7. exd5 Nxd5 8.
Qg3 Nxc3 9. Qxg7 Bf6 10. Qg3 Nd5 11. O-O-O Be6 12. Bh6 Qe7 13. Bc4 Nb6 14. Bxe6
fxe6 15. Nf3 Nd5 16. Qh3 Rg8 17. Rhe1 Nd8 18. Rxd5 exd5 19. Rxe7+ Bxe7 20. Qh5+
Nf7 21. Ne5 O-O-O 22. Qxf7 Rge8 23. Qf5+ Kb8 24. Qxh7 Bd6 25. Nf3 Bf8 26. Bxf8
Rxf8 27. h4 Rh8 28. Qf5 Rhf8 29. Qh3 d4 30. Kd2 Rd5 31. h5 Rh8 32. g4 c5 33. h6
Rd7 34. g5 c4 35. Qxd7 Ka8 36. h7 Rf8 37. g6 a6 38. g7 c3+ 39. bxc3 dxc3+ 40.
Ke2 Rb8 41. g8=Q Rxg8 42. hxg8=Q+ Ka7 43. Qd4+ b6 44. Qd7# 1-0

[Event "DEM U12/U12w 2015"]
[Site "Willingen GER"]
[Date "2015.05.30"]
[Round "11"]
[White "Nguyen, Vanessa"]
[Black "Zha, Kevin"]
[Result "0-1"]
[Termination "normal"]
[Board "45"]
[WhiteElo "923"]
[BlackElo "1154"]
[PlyCount "88"]
[WhiteFideId "12993492"]
[BlackFideId "16208951"]
[EventCountry "GER"]
[EventRounds "11"]
[EventType "swiss"]
[EventDate "2015.05.23"]

1. e4 e5 2. Nf3 Nc6 3. Nc3 Nf6 4. d4 exd4 5. Nxd4 Bb4 6. Nxc6 bxc6 7. f3 d5 8.
exd5 cxd5 9. Bb5+ Bd7 10. O-O O-O 11. Bd3 Re8 12. Bg5 c6 13. Qc1 Be7 14. Re1
Bc5+ 15. Kf1 Rxe1+ 16. Qxe1 Bd4 17. Qd2 Qb8 18. Rb1 Qxh2 19. Re1 Qg1+ 20. Ke2
Qxg2+ 21. Kd1 Qxd2+ 22. Kxd2 h6 23. Bh4 g5 24. Bg3 Nh5 25. Bd6 Nf4 26. Ba6 Re8
27. Rh1 Re6 28. Bc7 Kg7 29. b4 c5 30. b5 Be5 31. Bxe5+ Rxe5 32. a4 f5 33. a5 d4
34. Nd1 c4 35. c3 Bxb5 36. Bxb5 Rxb5 37. cxd4 Rxa5 38. Kc3 Ra3+ 39. Kxc4 Ra4+
40. Kc5 Ne6+ 41. Kd5 Nxd4 42. Nc3 Rb4 43. Kc5 a5 44. Ra1 Nb3+ 0-1

[Event "DEM U12/U12w 2015"]
[Site "Willingen GER"]
[Date "2015.05.30"]
[Round "11"]
[White "Fuchs, Emily"]
[Black "Abele, Anais"]
[Result "0-1"]
[Termination "normal"]
[Board "46"]
[WhiteElo "946"]
[BlackElo "1210"]
[PlyCount "127"]
[WhiteFideId "16208986"]
[BlackFideId "16208927"]
[EventCountry "GER"]
[EventRounds "11"]
[EventType "swiss"]
[EventDate "2015.05.23"]

1. e4 e5 2. Nf3 Nc6 3. Bc4 Nf6 4. d3 Be7 5. Nc3 d6 6. Be3 h6 7. Qd2 Be6 8. Bxe6
fxe6 9. d4 exd4 10. Nxd4 Nxd4 11. Qxd4 Qd7 12. O-O-O e5 13. Qc4 a6 14. Qe2
O-O-O 15. b3 Qc6 16. Nd5 Rhe8 17. f3 Nxd5 18. exd5 Qc3 19. Qc4 Qxe3+ 20. Kb2
Qf4 21. Qxf4 exf4 22. g4 g5 23. c4 Kd7 24. Kc3 Bf6+ 25. Kc2 Re2+ 26. Rd2 Rde8
27. a4 Rxd2+ 28. Kxd2 Re3 29. Rb1 Rxf3 30. b4 Rf2+ 31. Kd3 Rxh2 32. b5 Rb2 33.
Re1 Rb3+ 34. Ke4 Re3+ 35. Rxe3 fxe3 36. Kxe3 axb5 37. cxb5 c6 38. dxc6+ bxc6
39. b6 Kc8 40. a5 Kb7 41. Kd3 d5 42. Kc2 Bd4 43. Kd3 Bxb6 44. axb6 Kxb6 45. Kd4
Kb5 46. Kd3 Kb4 47. Kd4 c5+ 48. Kxd5 c4 49. Kd4 Kb3 50. Ke3 Kb2 51. Kd2 c3+ 52.
Kd1 c2+ 53. Ke2 c1=Q 54. Kd3 Qg1 55. Kd2 Qxg4 56. Ke3 Qa4 57. Kd2 g4 58. Ke2 g3
59. Kf3 g2 60. Kxg2 h5 61. Kf2 h4 62. Kg2 h3+ 63. Kxh3 Qe8 64. Kg2 0-1